000
00243nam a2200097Ia 4500
001
724636
005
20250826163354.0
008
250824s9999 xx 000 0 und d
245
0
_a
YAĞMUR AKŞAMLARI
_c
SELİM İLERİ
260
_b
EVEREST YAYINLARI
999
_c
724636
_d
724636